[Event "Hull CC - LEO ferme ch B"]
[Site "Gatineau CAN"]
[Date "2008.05.06"]
[Round "4"]
[White "Groleau, Gilles"]
[Black "Libersan, Mattieu"]
[Result "0-1"]
[WhiteElo "1959"]
[BlackElo "1843"]
[PlyCount "80"]
[GameId "2160767910351147"]
[EventDate "2008.04.15"]
[EventType "swiss"]
[EventRounds "6"]
[EventCountry "CAN"]
[SourceTitle "EXT 2022"]
[Source "ChessBase"]
[SourceDate "2021.10.06"]
[SourceVersion "1"]
[SourceVersionDate "2021.10.06"]
[SourceQuality "1"]

1. e4 e5 2. Nf3 f5 3. Nxe5 Nc6 4. Nxc6 dxc6 5. exf5 Bxf5 6. d3 Qd7 7. Be2 O-O-O 8. Nc3 Bd6 9. Bg5 Re8 10. Qd2 h6 11. Bh4 g5 12. Bg3 Nf6 13. Bxd6 Qxd6 14. O-O-O Nd5 15. Bf3 Nf4 16. g3 Ne6 17. Rde1 Nd4 18. Bh5 Bg6 19. Bxg6 Qxg6 20. Rxe8+ Rxe8 21. Ne4 Qf5 22. Qe3 Rd8 23. h4 Qa5 24. Nc3 b5 25. a3 c5 26. hxg5 b4 27. axb4 cxb4 28. Nb1 hxg5 29. Rh5 Qc5 30. c3 a5 31. Rxg5 Qc6 32. Qe4 Qh6 33. f4 Qb6 34. Qa8+ Kd7 35. Rd5+ Ke6 36. Qxd8 Nb3+ 37. Kc2 Na1+ 38. Kd1 Qg1+ 39. Ke2 Qg2+ 40. Ke3 Nc2# 0-1

[Event "Hull CC - LEO ferme ch B"]
[Site "Gatineau CAN"]
[Date "2008.05.06"]
[Round "4"]
[White "Jani, Louis"]
[Black "Labelle, Raymond"]
[Result "1-0"]
[WhiteElo "1437"]
[BlackElo "1352"]
[PlyCount "33"]
[GameId "2160767910351148"]
[EventDate "2008.04.15"]
[EventType "swiss"]
[EventRounds "6"]
[EventCountry "CAN"]
[SourceTitle "EXT 2022"]
[Source "ChessBase"]
[SourceDate "2021.10.06"]
[SourceVersion "1"]
[SourceVersionDate "2021.10.06"]
[SourceQuality "1"]

1. e4 e5 2. Nf3 Nc6 3. Bc4 Bc5 4. c3 Nf6 5. d4 exd4 6. cxd4 Bb4+ 7. Nc3 Bxc3+ 8. bxc3 Nxe4 9. Qe2 Qe7 10. O-O Nxc3 11. Qd3 Ne4 12. Re1 f5 13. Ng5 Na5 14. Nxe4 Kf8 15. Bg5 Qb4 16. Nd2 Nxc4 17. Qxf5+ 1-0

[Event "Hull CC - LEO ferme ch B"]
[Site "Gatineau CAN"]
[Date "2008.05.06"]
[Round "4"]
[White "Kennedy, Phillip"]
[Black "Arsenault, Yves"]
[Result "0-1"]
[WhiteElo "1343"]
[BlackElo "1471"]
[PlyCount "99"]
[GameId "2160767910351149"]
[EventDate "2008.04.15"]
[EventType "swiss"]
[EventRounds "6"]
[EventCountry "CAN"]

1. c4 e5 2. g3 Nf6 3. Bg2 Bc5 4. Nc3 Nc6 5. e3 O-O 6. Nf3 d6 7. O-O Be6 8. b3 Qd7 9. d4 Bb4 10. Bd2 Bxc3 11. Bxc3 Bg4 12. d5 Ne7 13. Qc1 Rfe8 14. Ng5 h6 15. Ne4 Nxe4 16. Bxe4 f5 17. Bg2 Rf8 18. f3 Bh5 19. Bh3 Qe8 20. f4 exf4 21. exf4 c6 22. Re1 Qd8 23. Qe3 Rf7 24. Bg2 c5 25. Bf3 Bg6 26. h4 Kf8 27. h5 Bh7 28. Kf2 Ng8 29. Qd3 g6 30. Re6 g5 31. Rae1 Qd7 32. fxg5 hxg5 33. Qe3 f4 34. gxf4 gxf4 35. Qd2 Bf5 36. R6e2 Bg4 37. Re4 Bxf3 38. Rxf4 Bxh5 39. Rg1 Rxf4+ 40. Qxf4+ Qf7 41. Bg7+ Ke8 42. Re1+ Kd7 43. Qxf7+ Bxf7 44. Bc3 Ne7 45. Ke2 Nf5 46. Kd2 Rg8 47. Rf1 Bg6 48. Re1 Ng3 49. Bb2 Ne4+ 50. Kc1 0-1

[Event "Hull CC - LEO ferme ch B"]
[Site "Gatineau CAN"]
[Date "2008.05.06"]
[Round "4"]
[White "Laurin, Jacques"]
[Black "Arsenault, Michel"]
[Result "0-1"]
[WhiteElo "1811"]
[BlackElo "1959"]
[PlyCount "54"]
[GameId "2160767910351150"]
[EventDate "2008.04.15"]
[EventType "swiss"]
[EventRounds "6"]
[EventCountry "CAN"]
[SourceTitle "EXT 2022"]
[Source "ChessBase"]
[SourceDate "2021.10.06"]
[SourceVersion "1"]
[SourceVersionDate "2021.10.06"]
[SourceQuality "1"]

1. c4 b6 2. Nc3 Bb7 3. Nf3 e6 4. e4 Bb4 5. Qc2 Ne7 6. Ne2 f5 7. e5 Ng6 8. a3 Be7 9. d4 c5 10. Be3 Bxf3 11. gxf3 Nc6 12. O-O-O cxd4 13. Nxd4 Nxd4 14. Bxd4 Qc7 15. Qc3 Rc8 16. b4 a5 17. b5 Bc5 18. Rg1 Rg8 19. Re1 Bxd4 20. Qxd4 Qc5 21. Qb2 Kf7 22. Kb1 Rgd8 23. Bd3 d6 24. Rg5 dxe5 25. Bxf5 exf5 26. Rxf5+ Kg8 27. f4 Qxc4 0-1

[Event "Hull CC - LEO ferme ch B"]
[Site "Gatineau CAN"]
[Date "2008.05.06"]
[Round "4"]
[White "Maisonneuve, Paul"]
[Black "Blouin, Francois"]
[Result "1-0"]
[WhiteElo "1443"]
[BlackElo "1606"]
[PlyCount "45"]
[GameId "2160767910351151"]
[EventDate "2008.04.15"]
[EventType "swiss"]
[EventRounds "6"]
[EventCountry "CAN"]
[SourceTitle "EXT 2022"]
[Source "ChessBase"]
[SourceDate "2021.10.06"]
[SourceVersion "1"]
[SourceVersionDate "2021.10.06"]
[SourceQuality "1"]

1. d4 Nf6 2. Bf4 e6 3. e3 b6 4. Nf3 Be7 5. h3 d6 6. Bd3 c5 7. c3 Ba6 8. O-O h6 9. Bxa6 Nxa6 10. Qa4+ Qd7 11. Qxa6 O-O 12. Qe2 Nd5 13. Bg3 f5 14. Nbd2 g5 15. Rad1 Nf6 16. dxc5 bxc5 17. Nc4 Ne4 18. Nfd2 Nxg3 19. fxg3 Qb5 20. Qh5 Kh7 21. b3 Qc6 22. e4 fxe4 23. Rf7+ 1-0

[Event "Hull CC - LEO ferme ch B"]
[Site "Gatineau CAN"]
[Date "2008.05.06"]
[Round "4"]
[White "Menard, Marc"]
[Black "Pilon, Robert"]
[Result "0-1"]
[WhiteElo "1599"]
[BlackElo "1516"]
[PlyCount "100"]
[GameId "2160767910351152"]
[EventDate "2008.04.15"]
[EventType "swiss"]
[EventRounds "6"]
[EventCountry "CAN"]
[SourceTitle "EXT 2022"]
[Source "ChessBase"]
[SourceDate "2021.10.06"]
[SourceVersion "1"]
[SourceVersionDate "2021.10.06"]
[SourceQuality "1"]

1. e4 e6 2. d4 d5 3. Nc3 Bb4 4. Bd3 Bxc3+ 5. bxc3 c5 6. Bb5+ Bd7 7. Bxd7+ Nxd7 8. Qe2 dxe4 9. Qxe4 Ngf6 10. Qxb7 O-O 11. Ne2 cxd4 12. cxd4 Qa5+ 13. Bd2 Qf5 14. c4 Rfb8 15. Qf3 Qc2 16. Qc3 Rb1+ 17. Rxb1 Qxb1+ 18. Nc1 Qe4+ 19. Ne2 Qxg2 20. Rg1 Qe4 21. Qg3 g6 22. a3 Rb8 23. f3 Qd3 24. c5 Rb1+ 25. Bc1 Qe3 26. Kd1 Nd5 27. Rg2 Nc3+ 28. Kc2 Rxc1+ 29. Nxc1 Na4 30. Ne2 Qxa3 31. f4 Qa2+ 32. Kc1 Qc4+ 33. Kd2 Nf6 34. Qd3 Qd5 35. Rg1 Nb2 36. Qb5 Ne4+ 37. Kc2 Nc4 38. Qb8+ Kg7 39. Kc1 Nf2 40. Qb3 h5 41. h4 Ng4 42. Qc3 Nge3 43. Ng3 Qf3 44. d5+ Kg8 45. dxe6 Kf8 46. Qf6 Qb7 47. Ne4 Nd5 48. Qd8+ Kg7 49. Ng5 Qb2+ 50. Kd1 Qd2# 0-1

[Event "Hull CC - LEO ferme ch B"]
[Site "Gatineau CAN"]
[Date "2008.05.13"]
[Round "5"]
[White "Arsenault, Michel"]
[Black "Danilov, Alex"]
[Result "1/2-1/2"]
[WhiteElo "1959"]
[BlackElo "1906"]
[PlyCount "136"]
[GameId "2160767910351153"]
[EventDate "2008.04.15"]
[EventType "swiss"]
[EventRounds "6"]
[EventCountry "CAN"]
[SourceTitle "EXT 2022"]
[Source "ChessBase"]
[SourceDate "2021.10.06"]
[SourceVersion "1"]
[SourceVersionDate "2021.10.06"]
[SourceQuality "1"]

1. c4 Nf6 2. g3 c6 3. Bg2 d5 4. Nf3 Bf5 5. O-O e6 6. b3 h6 7. Bb2 Bd6 8. d3 Nbd7 9. e4 Bg4 10. exd5 cxd5 11. cxd5 e5 12. h3 Bxf3 13. Bxf3 O-O 14. Nc3 Nb6 15. Re1 Re8 16. d4 exd4 17. Qxd4 Rc8 18. Rxe8+ Qxe8 19. Ne4 Qe7 20. Re1 Nbd7 21. Nxf6+ Qxf6 22. Bg4 Rc2 23. Qxf6 Nxf6 24. Bxf6 gxf6 25. Re8+ Kg7 26. Rd8 Bc5 27. Rc8 Bxf2+ 28. Kf1 Rd2 29. d6 Bb6 30. d7 f5 31. Bxf5 Rf2+ 32. Ke1 Rxf5 33. d8=Q Bxd8 34. Rxd8 Rf3 35. Rd7 Rxg3 36. Rxb7 Rxh3 37. Rxa7 Rh1+ 38. Kf2 Rb1 39. Ra4 Kf6 40. b4 Ke5 41. Ra5+ Kf4 42. b5 Rb2+ 43. Ke1 h5 44. a4 h4 45. Ra7 f5 46. Rh7 Ke3 47. Kf1 Rb4 48. Rh5 Rb1+ 49. Kg2 Rb4 50. Rxf5 Rg4+ 51. Kh3 Rxa4 52. Re5+ Kf3 53. Re8 Rb4 54. Rb8 Ke4 55. b6 Kd5 56. b7 Kc6 57. Rh8 Kxb7 58. Rxh4 Rb3+ 59. Kg2 Rb2+ 60. Kf3 Rb3+ 61. Ke2 Rb2+ 62. Kd3 Kc6 63. Kc3 Rg2 64. Rh6+ Kd5 65. Rh5+ Ke4 66. Rh8 Rg5 67. Re8+ Re5 68. Rxe5+ Kxe5 1/2-1/2

[Event "Hull CC - LEO ferme ch B"]
[Site "Gatineau CAN"]
[Date "2008.05.13"]
[Round "5"]
[White "Berthiaume, Serge"]
[Black "Levesque, Andre"]
[Result "1-0"]
[WhiteElo "1212"]
[BlackElo "1418"]
[PlyCount "61"]
[GameId "2160767910351154"]
[EventDate "2008.04.15"]
[EventType "swiss"]
[EventRounds "6"]
[EventCountry "CAN"]
[SourceTitle "EXT 2022"]
[Source "ChessBase"]
[SourceDate "2021.10.06"]
[SourceVersion "1"]
[SourceVersionDate "2021.10.06"]
[SourceQuality "1"]

1. d4 f5 2. Nf3 e6 3. Bf4 Nf6 4. e3 Be7 5. Bd3 O-O 6. Qe2 Nh5 7. Bg3 d6 8. e4 f4 9. e5 fxg3 10. hxg3 Qe8 11. Nbd2 g6 12. O-O-O b6 13. Ne4 Nc6 14. c3 d5 15. Neg5 Bb7 16. Nxh7 Kxh7 17. g4 Kg7 18. gxh5 gxh5 19. Rdg1 Rh8 20. Qe3 Nd8 21. Ng5 Bc8 22. Qg3 Bxg5+ 23. Qxg5+ Kf8 24. Rh3 Bd7 25. Rf3+ Nf7 26. Bg6 Rg8 27. Qxh5 Rxg6 28. Qxg6 Qe7 29. Rh1 Qe8 30. Rh8+ Ke7 31. Qf6# 1-0

[Event "Hull CC - LEO ferme ch B"]
[Site "Gatineau CAN"]
[Date "2008.05.13"]
[Round "5"]
[White "Duret, Serge"]
[Black "Kennedy, Phillip"]
[Result "1/2-1/2"]
[WhiteElo "1027"]
[BlackElo "1343"]
[PlyCount "116"]
[GameId "2160767910351155"]
[EventDate "2008.04.15"]
[EventType "swiss"]
[EventRounds "6"]
[EventCountry "CAN"]

1. e4 c5 2. Nf3 d6 3. d4 cxd4 4. Nxd4 Nc6 5. Bb5 Bd7 6. Nc3 a6 7. Bxc6 bxc6 8. Be3 e5 9. Nf5 Bxf5 10. exf5 Nf6 11. Qf3 d5 12. Bg5 e4 13. Qg3 Bd6 14. Bf4 Bxf4 15. Qxf4 O-O 16. O-O Qb8 17. Qxb8 Raxb8 18. b3 g6 19. fxg6 hxg6 20. a4 a5 21. Ne2 c5 22. Rab1 d4 23. Nf4 Rfd8 24. Rfd1 g5 25. Ne2 d3 26. cxd3 exd3 27. Nc3 Ng4 28. Ne4 Rd5 29. f3 Re8 30. h3 f5 31. Nxg5 Ne3 32. Rd2 Nc2 33. g4 Re1+ 34. Rxe1 Nxe1 35. Kf2 Nc2 36. gxf5 Nb4 37. f4 Rxf5 38. Kf3 Rf8 39. Kg4 Re8 40. Kf3 Re1 41. Kf2 Rc1 42. Ke3 Rb1 43. Nf3 Rxb3 44. Ne5 Rc3 45. Nxd3 Ra3 46. Ke4 c4 47. Nxb4 axb4 48. Kd4 c3 49. Rc2 b3 50. Rxc3 Rxa4+ 51. Kd3 Rxf4 52. Rxb3 Rf3+ 53. Kc4 Rxb3 54. Kxb3 Kg7 55. Kc3 Kg6 56. Kd3 Kh5 57. Ke3 Kh4 58. Kf3 Kxh3 1/2-1/2

[Event "Hull CC - LEO ferme ch B"]
[Site "Gatineau CAN"]
[Date "2008.05.13"]
[Round "5"]
[White "Labelle, Raymond"]
[Black "Menard, Marc"]
[Result "0-1"]
[WhiteElo "1635"]
[BlackElo "1368"]
[PlyCount "80"]
[GameId "2160767910351157"]
[EventDate "2008.04.15"]
[EventType "swiss"]
[EventRounds "6"]
[EventCountry "CAN"]
[SourceTitle "EXT 2022"]
[Source "ChessBase"]
[SourceDate "2021.10.06"]
[SourceVersion "1"]
[SourceVersionDate "2021.10.06"]
[SourceQuality "1"]

1. e4 e5 2. Nf3 Nc6 3. Bc4 Nf6 4. Nc3 Bb4 5. Qe2 O-O 6. a3 Ba5 7. b4 Bb6 8. Na4 d5 9. exd5 Nxd5 10. O-O Bg4 11. c3 Kh8 12. Nxb6 axb6 13. Qd3 Nf4 14. Qxd8 Raxd8 15. Ng5 Rd7 16. d4 Ne2+ 17. Kh1 Nxc3 18. Bd2 exd4 19. Rfe1 h6 20. Ne4 Nxe4 21. Rxe4 Bf5 22. Rf4 Bg6 23. Rd1 Bc2 24. Rc1 d3 25. Re1 Nd4 26. Re3 Nb3 27. Bxb3 Bxb3 28. Rfe4 Be6 29. Rg3 Bf5 30. Rf4 Be6 31. Rff3 Rfd8 32. Re3 Bd5 33. Kg1 Bb3 34. f4 c5 35. f5 f6 36. Rg4 c4 37. Rh3 b5 38. Bxh6 gxh6 39. Rxh6+ Rh7 40. Rxf6 d2 0-1

[Event "Hull CC - LEO ferme ch B"]
[Site "Gatineau CAN"]
[Date "2008.05.13"]
[Round "5"]
[White "Lacourse, Guy"]
[Black "Laurin, Jacques"]
[Result "0-1"]
[WhiteElo "1573"]
[BlackElo "1819"]
[PlyCount "90"]
[GameId "2160767910351158"]
[EventDate "2008.04.15"]
[EventType "swiss"]
[EventRounds "6"]
[EventCountry "CAN"]
[SourceTitle "EXT 2022"]
[Source "ChessBase"]
[SourceDate "2021.10.06"]
[SourceVersion "1"]
[SourceVersionDate "2021.10.06"]
[SourceQuality "1"]

1. c4 f5 2. Nc3 e5 3. d3 Nf6 4. g3 Bc5 5. Bg2 O-O 6. Nf3 Nc6 7. O-O h6 8. a3 a5 9. Ne1 Ne7 10. e3 d5 11. d4 exd4 12. exd4 Ba7 13. c5 b6 14. b4 bxc5 15. bxc5 Ba6 16. Nd3 Ne4 17. Qc2 Nc6 18. Be3 g5 19. f4 Bc4 20. Nb2 Bxf1 21. Bxf1 gxf4 22. gxf4 Kh7 23. Kh1 Qh4 24. Nxd5 Rg8 25. Nd3 Ng3+ 26. Kg2 Ne2+ 27. Kf3 Qg4+ 28. Kf2 Nexd4 29. Nf6+ Kh8 30. Nxg4 Nxc2 31. Ra2 Nxe3 32. Nxe3 Nd4 33. Ne5 Bxc5 34. Bh3 Rg7 35. Bf1 Ne6 36. Kf3 Nd4+ 37. Kf2 Rb8 38. Bc4 Nb3 39. Kf3 Nd4+ 40. Kf2 Rb1 41. Bf7 Nb5 42. Kf3 Bxe3 43. Kxe3 Re1+ 44. Re2 Rxe2+ 45. Kxe2 Rg2+ 0-1

[Event "Hull CC - LEO ferme ch B"]
[Site "Gatineau CAN"]
[Date "2008.05.13"]
[Round "5"]
[White "Libersan, Mattieu"]
[Black "Guimond, Michel"]
[Result "1-0"]
[WhiteElo "1843"]
[BlackElo "1892"]
[PlyCount "155"]
[GameId "2160767910351159"]
[EventDate "2008.04.15"]
[EventType "swiss"]
[EventRounds "6"]
[EventCountry "CAN"]
[SourceTitle "EXT 2022"]
[Source "ChessBase"]
[SourceDate "2021.10.06"]
[SourceVersion "1"]
[SourceVersionDate "2021.10.06"]
[SourceQuality "1"]

1. e4 e6 2. d4 d5 3. Nc3 Bb4 4. Nge2 Nf6 5. e5 Nfd7 6. a3 Be7 7. Ng3 c5 8. Bb5 a6 9. Bxd7+ Bxd7 10. O-O cxd4 11. Qxd4 Nc6 12. Qg4 g6 13. Re1 h5 14. Qe2 h4 15. Nf1 Rc8 16. Nd2 g5 17. Qg4 d4 18. Ncb1 Nxe5 19. Rxe5 Rxc2 20. Re1 Qc7 21. Qd1 g4 22. Ne4 f5 23. Nbc3 Rxc1 24. Rxc1 dxc3 25. Qd4 e5 26. Qxc3 Qxc3 27. Nxc3 e4 28. Nd5 Bg5 29. Rc7 Bc6 30. Rd1 O-O 31. Ne7+ Bxe7 32. Rxe7 f4 33. Rd6 g3 34. Rg6+ Kh8 35. hxg3 hxg3 36. fxg3 f3 37. gxf3 Rxf3 38. g4 e3 39. Rd6 Rg3+ 40. Kh2 Rxg4 41. Rd8+ Rg8 42. Rxg8+ Kxg8 43. Rxe3 Kf7 44. Kg3 Kf6 45. Kf4 Bd5 46. Re8 Bc6 47. Re5 Bg2 48. Re3 Bc6 49. Kg3 Bd5 50. Kf2 Be6 51. Ke2 Ke7 52. Kd2 Kd6 53. Kc3 Bd5 54. Kd4 Bg2 55. Rg3 Bc6 56. Rg6+ Kd7 57. Kc5 Bh1 58. Kb6 Kc8 59. Rg8+ Kd7 60. Rg7+ Kc8 61. Rg8+ Kd7 62. Rb8 Kd6 63. Rxb7 Bxb7 64. Kxb7 a5 65. Kb6 a4 66. Kb5 Kc7 67. Kxa4 Kb6 68. b4 Ka6 69. b5+ Kb6 70. Kb4 Ka7 71. a4 Kb6 72. a5+ Kb7 73. Kc5 Ka7 74. b6+ Kb8 75. Kc6 Ka8 76. a6 Kb8 77. b7 Ka7 78. Kc7 1-0

[Event "Hull CC - LEO ferme ch B"]
[Site "Gatineau CAN"]
[Date "2008.05.13"]
[Round "5"]
[White "Maisonneuve, Paul"]
[Black "Groleau, Gilles"]
[Result "0-1"]
[WhiteElo "1443"]
[BlackElo "1959"]
[PlyCount "100"]
[GameId "2160767910351160"]
[EventDate "2008.04.15"]
[EventType "swiss"]
[EventRounds "6"]
[EventCountry "CAN"]
[SourceTitle "EXT 2022"]
[Source "ChessBase"]
[SourceDate "2021.10.06"]
[SourceVersion "1"]
[SourceVersionDate "2021.10.06"]
[SourceQuality "1"]

1. d4 Nf6 2. Bf4 b6 3. e3 Bb7 4. Nd2 g6 5. Ngf3 Bg7 6. h3 d6 7. Be2 O-O 8. O-O Nbd7 9. a4 a5 10. c3 Qe8 11. Bb5 c6 12. Bc4 e5 13. dxe5 dxe5 14. Bh2 Qe7 15. Qe2 e4 16. Nd4 Ne5 17. Bb3 Nd3 18. Nc4 Rfd8 19. Nxb6 Ra7 20. Nc4 Qc5 21. Bc7 Raa8 22. Bb6 Qg5 23. Bxd8 Rxd8 24. Bc2 h5 25. f3 c5 26. Nb5 exf3 27. Rxf3 Bxf3 28. Qxf3 Ne5 29. Nxe5 Qxe5 30. Rd1 Rxd1+ 31. Bxd1 Bh6 32. e4 Nxe4 33. Bb3 Bf4 34. Qd3 Bh2+ 35. Kf1 Qf4+ 36. Ke2 Qf2+ 37. Kd1 Qg1+ 38. Kc2 Qxg2+ 39. Kb1 Nd2+ 40. Ka2 Nxb3 41. Kxb3 Qc6 42. Qd8+ Kg7 43. Qd2 Qe6+ 44. Ka3 Qxh3 45. Qd5 Qf5 46. Qd2 Bf4 47. Qg2 h4 48. Na7 h3 49. Qh1 c4 50. Nc8 Qxc8 0-1

[Event "Hull CC - LEO ferme ch B"]
[Site "Gatineau CAN"]
[Date "2008.05.13"]
[Round "5"]
[White "Pilon, Robert"]
[Black "Arsenault, Yves"]
[Result "0-1"]
[WhiteElo "1520"]
[BlackElo "1471"]
[PlyCount "56"]
[GameId "2160767910351161"]
[EventDate "2008.04.15"]
[EventType "swiss"]
[EventRounds "6"]
[EventCountry "CAN"]
[SourceTitle "EXT 2022"]
[Source "ChessBase"]
[SourceDate "2021.10.06"]
[SourceVersion "1"]
[SourceVersionDate "2021.10.06"]
[SourceQuality "1"]

1. e4 c5 2. c3 Nc6 3. Nf3 Nf6 4. e5 Ng4 5. d4 cxd4 6. cxd4 d5 7. h3 Nh6 8. Bb5 Bd7 9. Bxc6 Bxc6 10. Nc3 e6 11. a3 Nf5 12. b4 a6 13. O-O Be7 14. Ne2 O-O 15. g4 Nh4 16. Nxh4 Bxh4 17. Ng3 Bb5 18. Re1 Rc8 19. Nf1 f6 20. Bf4 fxe5 21. Bg3 Rc3 22. Re3 Rxe3 23. Nxe3 e4 24. a4 Bd3 25. Kg2 Bxg3 26. Kxg3 Rf3+ 27. Kg2 Qh4 28. Qd2 Rxh3 0-1

[Event "Hull CC - LEO ferme ch B"]
[Site "Gatineau CAN"]
[Date "2008.05.17"]
[Round "6"]
[White "Arsenault, Yves"]
[Black "Menard, Marc"]
[Result "0-1"]
[WhiteElo "1471"]
[BlackElo "1599"]
[PlyCount "86"]
[GameId "2160767910351162"]
[EventDate "2008.04.15"]
[EventType "swiss"]
[EventRounds "6"]
[EventCountry "CAN"]
[SourceTitle "EXT 2022"]
[Source "ChessBase"]
[SourceDate "2021.10.06"]
[SourceVersion "1"]
[SourceVersionDate "2021.10.06"]
[SourceQuality "1"]

1. e4 e5 2. Nf3 Nc6 3. Bc4 Nf6 4. d3 g6 5. Ng5 d5 6. exd5 Nxd5 7. Qf3 Be6 8. Nxe6 fxe6 9. c3 Bc5 10. O-O Rf8 11. Qg3 Qf6 12. Bg5 Qf5 13. Nd2 a6 14. Ne4 Ba7 15. Bh6 Rf7 16. Ng5 Nf4 17. Rae1 Rd7 18. Ne4 O-O-O 19. Bxf4 exf4 20. Qg5 b5 21. Bxe6 Qxe6 22. Nc5 Qd5 23. Qxd5 Rxd5 24. Ne6 Re8 25. Nxf4 Rde5 26. Rxe5 Nxe5 27. Re1 Nf3+ 28. gxf3 Rxe1+ 29. Kg2 Rb1 30. d4 Rxb2 31. Nd3 Rxa2 32. Nb4 Ra3 33. Nc6 Bb6 34. Ne7+ Kd7 35. Nd5 Ba5 36. Nf6+ Ke6 37. Nxh7 Bxc3 38. Ng5+ Kf5 39. h4 Bxd4 40. Ne4 Kf4 41. Ng5 c5 42. Nh3+ Kf5 43. Kg3 Ra2 0-1

[Event "Hull CC - LEO ferme ch B"]
[Site "Gatineau CAN"]
[Date "2008.05.17"]
[Round "6"]
[White "Blouin, Francois"]
[Black "Berthiaume, Serge"]
[Result "1-0"]
[WhiteElo "1606"]
[BlackElo "1212"]
[PlyCount "43"]
[GameId "2160767910351163"]
[EventDate "2008.04.15"]
[EventType "swiss"]
[EventRounds "6"]
[EventCountry "CAN"]
[SourceTitle "EXT 2022"]
[Source "ChessBase"]
[SourceDate "2021.10.06"]
[SourceVersion "1"]
[SourceVersionDate "2021.10.06"]
[SourceQuality "1"]

1. e4 e5 2. Nf3 Nc6 3. Bb5 f6 4. Bxc6 bxc6 5. Nh4 Ba6 6. d3 Bc5 7. Qh5+ Ke7 8. Ng6+ Ke6 9. Qh3+ Kd6 10. Nxh8 Qe7 11. Qxh7 f5 12. Qg6+ Qf6 13. Nf7+ Ke6 14. exf5+ Ke7 15. Bg5 Rf8 16. Bxf6+ Nxf6 17. Nxe5 Kd8 18. O-O Kc8 19. Qxg7 Kb8 20. Nxd7+ Nxd7 21. Qxd7 Rxf5 22. Qxf5 1-0

[Event "Hull CC - LEO ferme ch B"]
[Site "Gatineau CAN"]
[Date "2008.05.17"]
[Round "6"]
[White "Danilov, Alex"]
[Black "Laurin, Jacques"]
[Result "0-1"]
[WhiteElo "1906"]
[BlackElo "1820"]
[PlyCount "100"]
[GameId "2160767910351164"]
[EventDate "2008.04.15"]
[EventType "swiss"]
[EventRounds "6"]
[EventCountry "CAN"]
[SourceTitle "EXT 2022"]
[Source "ChessBase"]
[SourceDate "2021.10.06"]
[SourceVersion "1"]
[SourceVersionDate "2021.10.06"]
[SourceQuality "1"]

1. c4 e5 2. g3 Nf6 3. Bg2 Nc6 4. Nc3 Bc5 5. e3 O-O 6. Nge2 Re8 7. d3 a5 8. O-O Nb4 9. a3 Na6 10. Bd2 c6 11. d4 exd4 12. exd4 Bf8 13. c5 Nc7 14. Nf4 Ne6 15. Be3 d6 16. Na4 d5 17. Nb6 Ra6 18. Nd3 g6 19. Re1 Bg7 20. Bf1 Ne4 21. Nxc8 Qxc8 22. Nf4 Ra8 23. f3 N4g5 24. Nxe6 Nxe6 25. Qd2 Qd8 26. Bf2 Qf6 27. Rad1 Qxf3 28. Bg2 Qg4 29. h3 Qf5 30. Re2 Ng5 31. Rxe8+ Rxe8 32. Kh2 Nf3+ 33. Bxf3 Qxf3 34. Re1 Re4 35. Be3 a4 36. Bf4 Bxd4 37. Rxe4 Qxe4 38. Bd6 Be5 39. Qd1 Bxd6 40. cxd6 Qe6 41. Qxa4 Qxd6 42. Qa8+ Kg7 43. Qxb7 d4 44. Qb3 c5 45. a4 d3 46. Qc3+ Qd4 47. Qd2 Qe4 48. Kg1 Qf3 49. Qf2 Qd1+ 50. Qf1 Qc2 0-1

[Event "Hull CC - LEO ferme ch B"]
[Site "Gatineau CAN"]
[Date "2008.05.17"]
[Round "6"]
[White "Kennedy, Phillip"]
[Black "Pilon, Robert"]
[Result "1/2-1/2"]
[WhiteElo "1343"]
[BlackElo "1520"]
[PlyCount "134"]
[GameId "2160767910351165"]
[EventDate "2008.04.15"]
[EventType "swiss"]
[EventRounds "6"]
[EventCountry "CAN"]

1. c4 Nf6 2. g3 c6 3. Bg2 d5 4. cxd5 cxd5 5. d4 Bd7 6. Nc3 e6 7. Nf3 Be7 8. O-O Bc6 9. Ne5 Nbd7 10. Nxc6 bxc6 11. e4 O-O 12. e5 Ne8 13. a3 c5 14. Be3 f6 15. exf6 Nexf6 16. f4 Rb8 17. Rb1 a5 18. Bh3 Qb6 19. Na4 Qa6 20. Nxc5 Nxc5 21. dxc5 Rfc8 22. b4 axb4 23. axb4 Rb5 24. Ra1 Qc6 25. Qd4 Ne4 26. Qe5 Kh8 27. Bxe6 Bf6 28. Qxd5 Qxd5 29. Bxd5 Rxb4 30. Ra8 Rxa8 31. Bxa8 Rc4 32. Bd5 Rc3 33. Re1 Rxe3 34. Rb1 h6 35. Rb8+ Kh7 36. Bg8+ Kg6 37. c6 Rc3 38. Bd5 Nd6 39. h4 Rxg3+ 40. Kf1 Rc3 41. Ra8 Kf5 42. Ke2 Bxh4 43. Bf3 Bf6 44. Ra5+ Kxf4 45. Ra4+ Kf5 46. Bg4+ Kg5 47. Bd7 h5 48. Ra5+ Kg6 49. Rd5 Nf7 50. Kd2 Rc4 51. Kd3 Ne5+ 52. Rxe5 Bxe5 53. Kxc4 Kg5 54. Kd3 Kf4 55. Ke2 Kg3 56. Kf1 Kh2 57. Be8 h4 58. Bg6 Bc7 59. Kf2 Bb6+ 60. Kf1 Kg3 61. c7 Bxc7 62. Kg1 h3 63. Kh1 h2 64. Bf5 g5 65. Be6 Kh4 66. Bf5 g4 67. Bxg4 Kxg4 1/2-1/2

[Event "Hull CC - LEO ferme ch B"]
[Site "Gatineau CAN"]
[Date "2008.05.17"]
[Round "6"]
[White "Levesque, Andre"]
[Black "Labelle, Raymond"]
[Result "0-1"]
[WhiteElo "1418"]
[BlackElo "1635"]
[PlyCount "92"]
[GameId "2160767910351166"]
[EventDate "2008.04.15"]
[EventType "swiss"]
[EventRounds "6"]
[EventCountry "CAN"]
[SourceTitle "EXT 2022"]
[Source "ChessBase"]
[SourceDate "2021.10.06"]
[SourceVersion "1"]
[SourceVersionDate "2021.10.06"]
[SourceQuality "1"]

1. e4 e5 2. Nc3 Bc5 3. Bc4 Nf6 4. Nf3 Nc6 5. O-O O-O 6. a3 a5 7. d3 Be7 8. Re1 d6 9. h3 Nh5 10. Nxe5 Nxe5 11. Qxh5 Nxc4 12. dxc4 f5 13. Bd2 fxe4 14. Nxe4 Bf5 15. Bg5 Bxe4 16. Bxe7 Qxe7 17. Qd5+ Bxd5 18. Rxe7 Rf7 19. Rae1 Bxc4 20. Re8+ Rf8 21. R8e7 Rac8 22. Rd7 Bb5 23. Rde7 Rfe8 24. b3 Rxe7 25. Rxe7 Kf8 26. Re3 Re8 27. Rf3+ Kg8 28. a4 Be2 29. Rf5 b6 30. Rd5 Ba6 31. c4 Re5 32. Rd3 Bb7 33. Kf1 d5 34. Rd2 Ba6 35. Kg1 dxc4 36. bxc4 Bxc4 37. f4 Re2 38. Rd8+ Kf7 39. Rd7+ Re7 40. Rd1 Bb3 41. Rd4 c5 42. Rd2 Bxa4 43. Rd6 Re6 44. Rd5 c4 45. g4 c3 46. Kf2 c2 0-1

[Event "Hull CC - LEO ferme ch B"]
[Site "Gatineau CAN"]
[Date "2008.05.17"]
[Round "6"]
[White "Libersan, Mattieu"]
[Black "Maisonneuve, Paul"]
[Result "1/2-1/2"]
[WhiteElo "1843"]
[BlackElo "1443"]
[PlyCount "71"]
[GameId "2160767910351167"]
[EventDate "2008.04.15"]
[EventType "swiss"]
[EventRounds "6"]
[EventCountry "CAN"]
[SourceTitle "EXT 2022"]
[Source "ChessBase"]
[SourceDate "2021.10.06"]
[SourceVersion "1"]
[SourceVersionDate "2021.10.06"]
[SourceQuality "1"]

1. e4 d6 2. d4 Nf6 3. Nc3 g6 4. f4 Bg7 5. Nf3 O-O 6. Bd3 Bg4 7. h3 Bxf3 8. Qxf3 Nc6 9. Be3 Nb4 10. O-O Nxd3 11. cxd3 Nd7 12. e5 c6 13. Rae1 Qb6 14. Rf2 d5 15. f5 Qa6 16. Bg5 Rae8 17. Rfe2 b5 18. Bxe7 Rxe7 19. f6 Bxf6 20. exf6 Rxe2 21. Rxe2 Qb6 22. Qf4 Qd8 23. Qd6 Nxf6 24. Qxc6 b4 25. Nb5 a5 26. Nc7 Qc8 27. Re7 Qf5 28. Re5 Qf4 29. Qc5 Qd2 30. Nxd5 Nd7 31. Ne7+ Kg7 32. Qd6 Qc1+ 33. Kh2 Qf4+ 34. Kg1 Qc1+ 35. Kh2 Qf4+ 36. Kg1 1/2-1/2